00293nam a2200121 a 45000010005000000030005000050050017000100080041000270400020000681100011000882450046000992600026001451948CDMR20151022114202.0130130s1986||||||||||||||||||||||||||||d aCDMRbcatcCDMR2 aUnesco13aLa comunicación al servicio de la mujer aParísc1986bUNESCO